Top 10 des pays dans les réacteurs nucléaires - Statistiques

Statistiques générales
  • Ce quiz a été pris 178 fois
  • Le résultat moyen est 8 sur 10
Statistiques - réponses
No° Pays nucléaire % Correct
99 États-Unis
100%
58 France
99%
35 Russie
93%
38 Chine
92%
22 Inde
86%
39 Japon
86%
15 Royaume-Uni
82%
19 Canada
77%
24 Corée du Sud
63%
15 Ukraine
56%
Aucun quiz correspondant
Distribution des résultats
% des personnes avec chaque résultat
Percentile par nombre de réponses
Votre historique - résultats
Vous n’avez pas pris ce quiz